| 000 | 00940nam a22001935i 4500 | ||
|---|---|---|---|
| 001 | 160312 | ||
| 003 | ES-MaACL | ||
| 005 | 20230906212008.0 | ||
| 008 | 020325s1866 sp |||| | spa d | ||
| 040 |
_aCAM _bspa _cCAM |
||
| 100 | 1 |
_aMozo de Rosales, Emilio. _9130267 |
|
| 245 | 1 | 3 |
_aEl pastelero de París _b: zarzuela en un acto y en prosa (imitación) / _cpor Emilio Mozo de Rosales ; música de los señores F. y C. |
| 260 |
_aMadrid : _b[s.n.], _c1866 ( _fimprenta de José Rodriguez) |
||
| 300 |
_a29 p. ; _c20 cm. |
||
| 500 | _aEn port.: Estrenada en el teatro de la Zarzuela el día 1º de marzo de 1866. | ||
| 500 | _aSolo la letra. | ||
| 596 | 1 | _aEn verso de port. consta: "... de la galería dramática y lírica titulada El Teatro ..." | |
| 852 |
_aES-MaACL _jF-8566(6) _z-- Enc. pasta española _q-- Falto de la cub. original _z.- Enc. en vol. facticio formando parte de la col. facticia "Teatro español moderno", vol. 19 |
||
| 999 |
_c160312 _d160312 |
||